[Event "GRE-ch (Women) 33rd"]
[Site "Chania"]
[Date "2010.11.25"]
[Round "3"]
[White "Ikonomopoulou, Maria"]
[Black "Fakhiridou, Ekaterini"]
[Result "0-1"]
[WhiteElo "2160"]
[BlackElo "2208"]
[PlyCount "80"]
[EventDate "2010.11.23"]
[EventType "tourn"]
[EventRounds "9"]
[EventCountry "GRE"]
[SourceTitle "CBM 139 Extra"]
[Source "ChessBase"]
[SourceDate "2011.01.05"]
[SourceVersion "1"]
[SourceVersionDate "2011.01.05"]
[SourceQuality "1"]

1. e4 c5 2. Nf3 d6 3. d4 cxd4 4. Nxd4 Nf6 5. Nc3 a6 6. Bg5 e6 7. f4 Be7 8. Qf3 Qc7 9. 0-0-0 Nc6 10. Nb3 Bd7 11. g4 h6 12. Bxf6 Bxf6 13. h4 Rc8 14. Bg2 Nb4 15. Kb1 Bxc3 16. Qxc3 Qxc3 17. bxc3 Rxc3 18. Rxd6 Rxc2 19. Bh3 Rc3 20. Rhd1 Rxh3 21. Rxd7 0-0 22. Rxb7 Nd3 23. f5 Nf2 24. Rf1 Nxe4 25. Re1 exf5 26. gxf5 Nd6 27. Rb6 Nxf5 28. Rxa6 Rxh4 29. Ra5 g6 30. Rg1 Rf4 31. Nc5 Rb8+ 32. Ka1 Nd4 33. Nb3 Nxb3+ 34. axb3 Rxb3 35. Ra7 h5 36. Rd1 h4 37. Ka2 Rg3 38. Rb7 Rf2+ 39. Kb1 h3 40. Kc1 h2 0-1